000 00302nam a22001217a 4500
999 _c524534
_d524534
008 231218b ||||| |||| 00| 0 eng d
245 _aSporting prowess: The year of historic wins
260 _aYojana
300 _a67(12), Dec, 2023: p.25-33
773 _aYojana
906 _aSPORTS
942 _cAR